|
|
|
|
| LEADER |
00000nac a2200000 a 4500 |
| 003 |
Ucuenca |
| 005 |
20230308215914.0 |
| 008 |
000000|1945 mx |||||r|||||||||||spa|| |
| 040 |
|
|
|b spa
|
| 041 |
0 |
|
|a spa
|
| 082 |
0 |
|
|a 128
|
| 100 |
1 |
|
|a Cassirer, Ernst.
|d 1874-1945
|9 9680
|
| 245 |
|
|
|a Antropología filosófica
|c Ernst Cassirer
|h imp
|
| 264 |
|
|
|a México
|b Fondo de Cultura Económica
|c 1945
|
| 300 |
|
|
|a 335 páginas:
|c 17 cm
|
| 490 |
|
|
|a Colección Popular
|n no. 45
|
| 504 |
|
|
|a incl. ref.
|
| 650 |
|
7 |
|a Antropología filosófica
|9 9393
|
| 852 |
|
|
|a UC-YANUNCAY
|f Compra
|l 1
|m General
|p 00000000
|q 1,00
|t Asi722
|b 0
|d CDRY
|e CDRY
|g 128 SALA 2 ARTES
|z 0000-00-00
|
| 942 |
|
|
|c CR
|z diana.leon@ucuenca.edu.ec
|
| 999 |
|
|
|c 132334
|d 132334
|